Statistics for Top 50 Punk Albums

Click here to take the quiz!

General Stats

  • This quiz has been taken 31 times
  • The average score is 25 of 50

Answer Stats

ArtistAlbum% Correct
#7: The ClashLondon Calling
93%
#27: RamonesRamones
90%
#20: Patti SmithHorses
83%
#5: Joy DivisionCloser
79%
#16: Dead KennedysFresh Fruit for Rotting Vegetables
79%
#3: TelevisionMarquee Moon
79%
#15: WirePink Flag
76%
#2: Joy DivisionUnknown Pleasures
76%
#21: The ClashThe Clash
72%
#32: The StoogesThe Stooges
72%
#36: The Jesus and Mary ChainPsychocandy
69%
#1: Talking HeadsRemain in Light
69%
#37: RamonesRocket to Russia
69%
#13: The CurePornography
66%
#14: Gang of FourEntertainment!
62%
#44: SuicideSuicide
62%
#38: Talking HeadsTalking Heads: 77
62%
#35: The Modern LoversThe Modern Lovers
62%
#39: Violent FemmesViolent Femmes
62%
#6: The CureDisintegration
59%
#11: The StoogesRaw Power
59%
#29: Hüsker DüZen Arcade
59%
#12: Talking HeadsFear of Music
55%
#9: The StoogesFun House
55%
#33: Talking HeadsMore Songs About Buildings and Food
52%
#31: FugaziRepeater
52%
#8: The Velvet UndergroundWhite Light / White Heat
52%
#28: MinutemenDouble Nickels on the Dime
48%
#4: SlintSpiderland
48%
#46: New OrderPower, Corruption & Lies
45%
#45: American FootballAmerican Football
41%
#18: WireChairs Missing
41%
#30: Wire154
38%
#24: This HeatDeceit
38%
#42: Pere UbuThe Modern Dance
38%
#10: InterpolTurn On the Bright Lights
38%
#40: WipersYouth of America
34%
#34: The NationalBoxer
31%
#41: The ChameleonsScript of the Bridge
31%
#25: LCD SoundsystemSound of Silver
28%
#50: RefusedThe Shape of Punk to Come
28%
#23: Have a Nice LifeDeathconsciousness
24%
#17: At the Drive-InRelationship of Command
24%
#49: Brand NewThe Devil and God Are Raging Inside Me
24%
#22: ConvergeJane Doe
21%
#19: Nick Cave and the Bad SeedsLet Love In
21%
#48: FugaziThe Argument
17%
#26: UnwoundLeaves Turn Inside You
14%
#43: Glenn BrancaThe Ascension
14%
#47: SwansWhite Light from the Mouth of Infinity
10%

Score Distribution

Percentile by Number Answered

Percent of People with Each Score

Your Score History

You have not taken this quiz